000 01472cam a22003617a 4500
999 _c527324
_d527324
001 15984777
003 NUST
005 20190725065615.0
008 091116s2011 nyua 000 0 eng d
010 _a 2009941551
020 _a9781435488885
020 _a1435488881
035 _a(OCoLC)ocn670468277
038 _aFaiza
040 _aSITPL
_cSITPL
_dYDXCP
_dEIK
_dY8N
_dDLC
042 _alccopycat
050 0 0 _aTS183
_b.B4323 2011
082 _a670.427
_bBAR
100 1 _aBartelt, Terry L. M.
_918503
245 1 0 _aIndustrial automated systems :
_binstrumentation and motion control /
_cTerry Bartelt.
260 _aClifton Park, NY :
_bDelmar/Cengage Learning,
_cc2011.
300 _axxiv, 720 p. :
_bill. (some col.) ;
_c29 cm. +
_e1 CD-ROM (4 3/4 in.)
500 _aIncludes index.
650 0 _aManufacturing processes
_xAutomation.
_918504
650 0 _aComputer integrated manufacturing systems.
_918505
856 4 2 _3Contributor biographical information
_uhttp://www.loc.gov/catdir/enhancements/fy1303/2009941551-b.html
856 4 2 _3Publisher description
_uhttp://www.loc.gov/catdir/enhancements/fy1303/2009941551-d.html
856 4 1 _3Table of contents only
_uhttp://www.loc.gov/catdir/enhancements/fy1303/2009941551-t.html
906 _a7
_bcbc
_ccopycat
_d3
_encip
_f20
_gy-gencatlg
942 _2ddc
_cBK